<?xml version="1.0" encoding="UTF-8"?><?xml-stylesheet type="text/xsl" href="static/style.xsl"?><OAI-PMH xmlns="http://www.openarchives.org/OAI/2.0/" xmlns:xsi="http://www.w3.org/2001/XMLSchema-instance" xsi:schemaLocation="http://www.openarchives.org/OAI/2.0/ http://www.openarchives.org/OAI/2.0/OAI-PMH.xsd"><responseDate>2026-06-02T03:58:08Z</responseDate><request verb="GetRecord" identifier="oai:riuma.uma.es:10630/35944" metadataPrefix="marc">https://riuma.uma.es/rest/oai/request</request><GetRecord><record><header><identifier>oai:riuma.uma.es:10630/35944</identifier><datestamp>2026-02-03T11:00:18Z</datestamp><setSpec>com_10630_2254</setSpec><setSpec>col_10630_37953</setSpec></header><metadata><record xmlns="http://www.loc.gov/MARC21/slim" xmlns:dcterms="http://purl.org/dc/terms/" xmlns:doc="http://www.lyncode.com/xoai" xmlns:xsi="http://www.w3.org/2001/XMLSchema-instance" xsi:schemaLocation="http://www.loc.gov/MARC21/slim http://www.loc.gov/standards/marcxml/schema/MARC21slim.xsd">
   <leader>00925njm 22002777a 4500</leader>
   <datafield ind2=" " ind1=" " tag="042">
      <subfield code="a">dc</subfield>
   </datafield>
   <datafield ind2=" " ind1=" " tag="720">
      <subfield code="a">Ramírez-Pérez, Laura</subfield>
      <subfield code="e">author</subfield>
   </datafield>
   <datafield ind2=" " ind1=" " tag="720">
      <subfield code="a">Cuesta-Vargas, Antonio</subfield>
      <subfield code="e">author</subfield>
   </datafield>
   <datafield ind2=" " ind1=" " tag="260">
      <subfield code="c">2024-12-18</subfield>
   </datafield>
   <datafield ind2=" " ind1=" " tag="520">
      <subfield code="a">Background: Glenohumeral instability is a highly prevalent pathology; however, there are problems in defining it. Traditionally, structural problems such as labral injury or bone loss in the glenoid cavity and/or humeral side were considered the main causes; but recently, it has been seen that motor control plays a very relevant role. This means that currently, there is a disparity of action protocols, and the treatment of this pathology is a great challenge.&#xd;
Methods: A single-blind randomized controlled trial will be carried out, in which 108 adult patients who have suffered at least one episode of glenohumeral instability in the last year will be recruited by the Department of Traumatology and Rehabilitation of Axarquia Hospital (Málaga). Patients will be randomized to the intervention group, which will carry out a multicomponent therapeutic exercise program supervised by physiotherapists (MoveUS Program); or to the control group, which will receive the usual care. All subjects will be evaluated at baseline, mid-treatment, after the intervention, and three months later at the follow-up. In these evaluations, range of movement, maximum peak of isometric force, kinematic, physiological, and psychometric fatigue, return to activity, motor control, and number of recurrences will be assessed; as well as the quality of life measured through the Western Ontario Shoulder Instability Index, which will be the main outcome variable.&#xd;
Discussion: This study aims to determine if therapeutic exercise supervised by physiotherapists is capable of reducing multivariable fatigue, reducing the number of recurrences, and improving quality of life; to be able to implement it in the future in public and private clinics since materials are available and physiotherapist have enough skills in the field of therapeutic exercise, so it is expected to be a quality tool in the approach to glenohumeral instability.</subfield>
   </datafield>
   <datafield ind1="8" ind2=" " tag="024">
      <subfield code="a">Ramírez-Pérez L, Cuesta-Vargas AI. Effect of a multicomponent exercise program focused on multivariable fatigue improvement versus standard care for glenohumeral instability: MoveUS study protocol. BMC Musculoskelet Disord. 2024 Dec 18;25(1):1013. doi: 10.1186/s12891-024-08193-4. PMID: 39695629.</subfield>
   </datafield>
   <datafield ind1="8" ind2=" " tag="024">
      <subfield code="a">https://hdl.handle.net/10630/35944</subfield>
   </datafield>
   <datafield ind1="8" ind2=" " tag="024">
      <subfield code="a">10.1186/s12891-024-08193-4</subfield>
   </datafield>
   <datafield tag="653" ind2=" " ind1=" ">
      <subfield code="a">Ejercicio físico - Uso terapéutico</subfield>
   </datafield>
   <datafield ind2="0" ind1="0" tag="245">
      <subfield code="a">Effect of a multicomponent exercise program focused on multivariable fatigue improvement versus standard care for glenohumeral instability: MoveUS study protocol</subfield>
   </datafield>
</record>
</metadata></record></GetRecord></OAI-PMH>